Formule 1 - Podiums (1950-2025) - Statistiques

Statistiques générales
  • Ce quiz a été pris 79 fois
    36 depuis la dernière actualisation
  • Le résultat moyen est 72 sur 219
Statistiques - réponses
Nombre Pilote Pays % Correct
106 Alain PROST France
100%
2 Jos VERSTAPPEN Pays-Bas
100%
202 Lewis HAMILTON Royaume-Uni
100%
127 Max VERSTAPPEN Pays-Bas
100%
155 Michael SCHUMACHER Allemagne
100%
27 Ralf SCHUMACHER Allemagne
100%
80 Ayrton SENNA Brésil
96%
106 Fernando ALONSO Espagne
96%
122 Sebastian VETTEL Allemagne
96%
103 Kimi RAIKKONEN Finlande
92%
67 Valtteri BOTTAS Finlande
92%
50 Charles LECLERC Monaco
88%
44 Lando NORRIS Royaume-Uni
88%
1 Nelsinho PIQUET Brésil
88%
60 Nelson PIQUET Brésil
88%
4 Esteban OCON France
80%
13 Gilles VILLENEUVE Canada
80%
1 Isack HADJAR France
80%
23 Jacques VILLENEUVE Canada
80%
35 Juan Manuel FANGIO Argentine
80%
17 Keke ROSBERG Finlande
80%
51 Mika HAKKINEN Finlande
80%
1 Nico HULKENBERG Allemagne
80%
57 Nico ROSBERG Allemagne
80%
54 Niki LAUDA Autriche
80%
5 Pierre GASLY France
80%
39 Sergio PEREZ Mexique
80%
32 Daniel RICCIARDO Australie
76%
26 Oscar PIASTRI Australie
76%
68 Rubens BARRICHELLO Brésil
76%
29 Carlos SAINZ Espagne
72%
8 Jochen MASS Allemagne
72%
33 Jody SCHECKTER Afrique du Sud
72%
1 Kevin MAGNUSSEN Danemark
72%
2 Alexander ALBON Thaïlande
68%
42 Damon HILL Royaume-Uni
68%
24 George RUSSELL Royaume-Uni
68%
36 Graham HILL Royaume-Uni
68%
50 Jenson BUTTON Royaume-Uni
68%
3 Kimi ANTONELLI Italie
68%
3 Lance STROLL Canada
68%
59 Nigel MANSELL Royaume-Uni
68%
16 Phil HILL Etats-Unis
68%
43 Jackie STEWART Royaume-Uni
64%
10 Romain GROSJEAN France
64%
33 Denny HULME Nouvelle-Zélande
60%
35 Emerson FITTIPALDI Brésil
60%
25 Jacky ICKX Belgique
60%
1 Pastor MALDONADO Venezuela
60%
41 Felipe MASSA Brésil
56%
20 Guiseppe FARINA Italie
56%
31 Jack BRABHAM Australie
56%
23 James HUNT Royaume-Uni
56%
17 Alberto ASCARI Italie
52%
32 Jacques LAFFITE France
52%
30 Juan Pablo MONTOYA Colombie
52%
1 Kamui KOBAYASHI Japon
52%
19 Mario ANDRETTI Etats-Unis
52%
42 Mark WEBBER Australie
52%
1 Michael ANDRETTI Etats-Unis
52%
18 Mike HAWTHORN Royaume-Uni
52%
12 Robert KUBICA Pologne
52%
28 Clay REGAZZONI Suisse
48%
62 David COULTHARD Royaume-Uni
48%
19 Giancarlo FISICHELLA Italie
48%
32 Jean ALESI France
48%
32 Jim CLARK Royaume-Uni
48%
13 Jochen RINDT Autriche
48%
5 Olivier PANIS France
48%
3 Daniil KVYAT Russie
44%
48 Gerhard BERGER Autriche
44%
22 René ARNOUX France
44%
27 Bruce McLAREN Nouvelle-Zélande
40%
45 Carlos REUTEMANN Argentine
40%
13 Didier PIRONI France
40%
4 Heikki KOVALAINEN Finlande
40%
24 Stirling MOSS Royaume-Uni
40%
1 Takuma SATO Japon
40%
24 Alan JONES Australie
36%
2 Jean-Pierre JABOUILLE France
36%
24 John SURTEES Royaume-Uni
36%
7 Pedro RODRIGUEZ Mexique
36%
37 Riccardo PATRESE Italie
36%
15 Thierry BOUTSEN Belgique
36%
1 Vitaly PETROV Russie
36%
13 François CEVERT France
32%
18 Heinz-Harald FRENTZEN Allemagne
32%
11 Jarno TRULLI Italie
32%
8 Jean-Pierre BELTOISE France
32%
19 Patrick DEPAILLER France
32%
26 Ronnie PETERSON Suède
32%
6 Wolfgang von TRIPS Allemagne
32%
9 Elio De ANGELIS Italie
28%
6 Luigi FAGIOLI Italie
28%
10 Maurice TRINTIGNANT France
28%
13 Nick HEIDFELD Allemagne
28%
1 Aguri SUZUKI Japon
24%
6 Carlos PACE Brésil
24%
26 Eddie IRVINE Royaume-Uni
24%
4 Gunnar NILSSON Suède
24%
7 Johnny HERBERT Royaume-Uni
24%
20 John WATSON Royaume-Uni
24%
15 Jose-Froilan GONZALEZ Argentine
24%
6 Jo SIFFERT Suisse
24%
1 Lucien BIANCHI Belgique
24%
7 Luigi MUSSO Italie
24%
9 Martin BRUNDLE Royaume-Uni
24%
23 Michele ALBORETO Italie
24%
2 Mika SALO Finlande
24%
11 Patrick TAMBAY France
24%
3 Alexander WURZ Autriche
20%
1 Giancarlo BAGHETTI Italie
20%
1 Nicola LARINI Italie
20%
1 Pedro de la ROSA Espagne
20%
10 Tony BROOKS Royaume-Uni
20%
1 Vittorio BRAMBILLA Italie
20%
9 Alessandro NANNINI Italie
16%
19 Dan GURNEY Etats-Unis
16%
4 Derek WARWICK Royaume-Uni
16%
4 Jim RATHMANN Etats-Unis
16%
1 JJ LEHTO Finlande
16%
1 Jo BONNIER Suède
16%
8 Lorenzo BANDINI Italie
16%
1 Louis CHIRON Monaco
16%
3 Mark BLUNDELL Royaume-Uni
16%
9 Peter COLLINS Royaume-Uni
16%
5 Piero TARUFFI Italie
16%
12 Stefan JOHANSSON Suède
16%
1 Tiago MONTEIRO Portugal
16%
3 Timo GLOCK Allemagne
16%
2 Bill VUKOVICH Etats-Unis
12%
1 Bob SWEIKERT Etats-Unis
12%
11 Chris AMON Nouvelle-Zélande
12%
9 Eddie CHEEVER Etats-Unis
12%
3 Eugenio CASTELLOTTI Italie
12%
1 Gianni MORBIDELLI Italie
12%
4 Innes IRELAND Royaume-Uni
12%
3 Jean-Pierre JARIER France
12%
1 Johnnie PARSONS Etats-Unis
12%
1 Lee WALLARD Etats-Unis
12%
2 Louis ROSIER France
12%
1 Ludovico SCARFIOTTI Italie
12%
8 Peter REVSON Etats-Unis
12%
1 Philippe STREIFF France
12%
14 Richie GINTHER Etats-Unis
12%
1 Roberto MORENO Brésil
12%
2 Rodger WARD Etats-Unis
12%
2 Stefano MODENA Italie
12%
1 Troy RUTTMAN Etats-Unis
12%
1 Alfonso De PORTAGO Espagne
8%
5 Andrea De CESARIS Italie
8%
1 Bruno GIACOMELLI Italie
8%
1 Carlos MENDITEGUY Argentine
8%
1 Eric BERNARD France
8%
1 Hans HERRMANN Allemagne
8%
2 Hans Joachim STUCK Allemagne
8%
1 Henri PESCAROLO France
8%
3 Ivan CAPELLI Italie
8%
9 Jean BEHRA France
8%
3 Jimmy BRYAN Etats-Unis
8%
1 John LOVE Rhodésie
8%
1 Johnny SERVOZ-GAVIN France
8%
2 Karl KLING Allemagne
8%
1 Mauricio GUGELMIN Brésil
8%
2 Mike HAILWOOD Royaume-Uni
8%
2 Olivier GENDEBIEN Belgique
8%
2 Onofre MARIMON Argentine
8%
1 Paul FRERE Belgique
8%
1 Peter GETHIN Royaume-Uni
8%
1 Reg PARNELL Royaume-Uni
8%
1 Reine WISELL Suède
8%
2 Robert MANZON France
8%
1 Rolf STOMMELEN Allemagne
8%
2 Rudi FISCHER Suisse
8%
2 Stuart LEWIS-EVANS Royaume-Uni
8%
2 Teo FABI Italie
8%
1 Tim SCHENKEN Australie
8%
2 Tom PRYCE Royaume-Uni
8%
3 Tony MAGGS Afrique du Sud
8%
1 Trevor TAYLOR Royaume-Uni
8%
2 Umberto MAGLIOLI Italie
8%
1 Willy MAIRESSE Belgique
8%
1 Art CROSS Etats-Unis
4%
1 Bill HOLLAND Etats-Unis
4%
1 Bob ANDERSON Royaume-Uni
4%
1 Brian REDMAN Royaume-Uni
4%
2 Cesare PERDISA Italie
4%
1 Cliff ALLISON Royaume-Uni
4%
1 Don FREELAND Etats-Unis
4%
1 Dorino SERAFINI Italie
4%
1 Duane CARTER Etats-Unis
4%
2 Felice BONETTO Italie
4%
1 George AMICK Etats-Unis
4%
1 George FOLLMER Etats-Unis
4%
2 Harry SCHELL Etats-Unis
4%
2 Jackie OLIVER Royaume-Uni
4%
2 Jack McGRATH Etats-Unis
4%
1 Jimmy DAVIES Etats-Unis
4%
1 Johnny BOYD Etats-Unis
4%
1 Johnny THOMSON Etats-Unis
4%
8 Luigi VILLORESI Italie
4%
1 Manuel AYULO Etats-Unis
4%
1 Mark DONOHUE Etats-Unis
4%
3 Masten GREGORY Etats-Unis
4%
1 Mauri ROSE Etats-Unis
4%
1 Mike NAZARUK Etats-Unis
4%
2 Mike PARKES Royaume-Uni
4%
1 Mike SPENCE Royaume-Uni
4%
1 Pat FLAHERTY Etats-Unis
4%
1 Paul GOLDSMITH Etats-Unis
4%
1 Paul RUSSO Etats-Unis
4%
2 Peter ARUNDELL Royaume-Uni
4%
1 Peter WHITEHEAD Royaume-Uni
4%
2 Piers COURAGE Royaume-Uni
4%
1 Richard ATTWOOD Royaume-Uni
4%
1 Ron FLOCKHART Royaume-Uni
4%
2 Roy SALVADORI Royaume-Uni
4%
4 Sam HANKS Etats-Unis
4%
1 Tony BETTENHAUSEN Etats-Unis
4%
Aucun quiz correspondant
Distribution des résultats
% des personnes avec chaque résultat
Percentile par nombre de réponses
Votre historique - résultats
Vous n’avez pas pris ce quiz depuis la dernière actualisation